Statistiques concernant Brésiliens du PSG

Cliquez ici pour prendre le quiz!

Statistiques générales

  • Ce quiz a été pris 244 fois
    (65 depuis la dernière actualisation)
  • Le résultat moyen est 13 sur 32

Statistiques - réponses

HintRéponse% Correct
Défenseur 2012 - 2020Thiago Silva
97%
Attaquant 2017 - encore au clubNeymar Jr
97%
Défenseur 2013 - encore au clubMarquinhos
97%
Milieu 2001 - 2003Ronaldinho
89%
Défenseur 2012 - 2017Sherrer Maxwell
81%
Attaquant 2001 - 2002 | Défenseur 2012 - 2014Alex
74%
Milieu 1993 - 1998Rai
73%
Défenseur 2017 - 2019Dani Alves
71%
Milieu 2013 - 2018Lucas
61%
Défenseur 2014 - 2016David Luiz
60%
Milieu 2010 - 2012Nenê
60%
Milieu 2020 - encore au clubRafinha
55%
Milieu 1996 - 1997Leonardo
45%
Milieu 1991 - 1995Valdo
40%
Défenseur 2007 - 2012Marcos Ceara
35%
Défenseur 1991 - 1995Ricardo
29%
Attaquant 2001 - 2003Aloisio
26%
Milieu 2007 - 2008Willamis Souza
24%
Attaquant 1999 - 2001Christian
19%
Attaquant 2001 - 2005Reinaldo
18%
Milieu 2000 - 2001Vampeta
16%
Attaquant 1998 - 1999Adailton
16%
Milieu 1997 - 1998Edmilson
15%
Milieu 2002 - 2003André Luiz
13%
Milieu 2002 - 2007Paulo César
11%
Défenseur 1991 - 1992Geraldao
11%
Attaquant 2008 - 2012Everton Santos
8%
Défenseur 1971 - 1972Joël Camargo
5%
Défenseur 1979 - 1981Abel
5%
Défenseur 1999 - 2000César Belli
2%
Attaquant 1973 - 1974Armando Monteiro
2%

Distribution des résultats

Percentile par nombre de réponses

% des personnes avec chaque résultat

Votre développement - résultats

Vous n’avez pas pris ce quiz depuis la dernière actualisation